| 000 | 00523nam a22001697a 4500 | ||
|---|---|---|---|
| 005 | 20251108171053.0 | ||
| 008 | 250721s1974 xx 000 0 ara d | ||
| 082 | 1 | 4 | _a961.1/أحم |
| 100 | 1 | _aبن عامر، أحمد | |
| 245 | 1 | 0 |
_aالدولة الحفصية : _bصفحات خالدة من تاريخنا المجيد / |
| 264 | 1 |
_aتونس : _bدار الكتب الشرقية، _c1974. |
|
| 300 | _a172ص | ||
| 650 | 1 | 7 | _aتونس |
| 650 | 1 | 7 | _aالتاريخ السياسي |
| 942 |
_2ddc _cBK |
||
| 999 |
_c55836 _d55836 |
||